| 000 | 00512nam a2200181Ia 4500 | ||
|---|---|---|---|
| 001 | 21167 | ||
| 005 | 20260306172859.0 | ||
| 008 | 260306t2004||||xx |||||||||||||| ||spa|| | ||
| 041 | _aESP | ||
| 082 |
_a344G _bP42 T. 2 |
||
| 100 |
_aPeña Cabrera Freyre, Alonso Raúl [1969-...] _eAUT |
||
| 245 | 0 |
_aDerecho penal peruano: _bparte general: teoría de la pena y las consecuencias jurídicas del delito |
|
| 260 | _c2004 | ||
| 300 |
_a _c24 cm. |
||
| 650 | _aGEN | ||
| 654 | _aCDE | ||
| 942 |
_cLIB _dJUS _fJUS _2ddc _n |
||
| 999 |
_c21167 _d21167 |
||